| 000 | 00568nam a2200193 i 4500 | ||
|---|---|---|---|
| 001 | 27366 | ||
| 003 | ES-MaACL | ||
| 005 | 20230906153614.0 | ||
| 007 | t| | ||
| 008 | 030114s1978 sp ||||1| spa d | ||
| 100 | 1 |
_aArrupe, Pedro. _923400 |
|
| 245 | 1 | 3 |
_aLa vida religiosa ante un reto histórico / _cPedro Arrupe. |
| 260 |
_aSantander : _bSal Terrae, _c[1978] |
||
| 300 |
_a191 p. ; _c21 cm. |
||
| 490 | 1 | _aColeccion servidores y testigos | |
| 830 | 0 |
_aColeccion servidores y testigos _9229210 |
|
| 852 |
_aES-MaACL _jA-8864 _bR.97977 |
||
| 999 |
_c27366 _d27366 |
||